Inachevés - Casseurs Flowters - [Paroles 1/2] - Statistiques

Statistiques générales
  • Ce quiz a été pris 32 fois
  • Le résultat moyen est 320 sur 395
Statistiques - réponses
Paroles % Correct
à
100%
À
100%
ça
100%
de
100%
la
100%
La
100%
100%
le
100%
Ma
100%
me
100%
mes
100%
pas
100%
Pas
100%
pas"
100%
pour
100%
que
100%
Rien
100%
rien
100%
si
100%
vie
100%
ce
94%
dans
94%
des
94%
dessin
94%
inachevé)
94%
En
94%
en
94%
faire
94%
Inachevé,
94%
(inachevé,
94%
j'ai
94%
J'ai
94%
jamais
94%
je
94%
J'finis
94%
j'finis
94%
joué
94%
les
94%
m'en
94%
moi,
94%
moitié
94%
94%
ou
94%
potes
94%
potes,
94%
tout
94%
traits
94%
un
94%
Un
94%
avant
89%
avec
89%
casse
89%
couilles,
89%
couilles
89%
Et
89%
et
89%
histoires
89%
hommage
89%
j'devais
89%
j'suis
89%
j'vais
89%
l'destin
89%
Manquerait
89%
match
89%
meuf
89%
Meuf
89%
nos
89%
opportunités
89%
passé
89%
phrases,
89%
qu'à
89%
séparer
89%
seul
89%
son
89%
sûr,
89%
sur
89%
t'faire
89%
toutes
89%
Aux
83%
aux
83%
bien,
83%
Bien
83%
bien
83%
but
83%
c'était
83%
choix
83%
comme
83%
Comme
83%
c'que
83%
d'avoir
83%
démarré
83%
donc
83%
d'une
83%
fait
83%
fini
83%
fuite,
83%
gâchées
83%
J'attends
83%
j'attends
83%
J'commence
83%
j'connais
83%
mon
83%
mortes
83%
paniers
83%
quand
83%
qu'elle
83%
qu'j'ai
83%
rappelés
83%
rapper
83%
suite
83%
vérité
83%
assez
78%
attendant
78%
besoin
78%
bêta
78%
bonne
78%
bras
78%
cachée
78%
censé
78%
c'est
78%
couplet.
78%
croisés
78%
Évidemment
78%
figurines
78%
finir
78%
Inutiles,
78%
j'baisse
78%
j'contrôle
78%
j"reste
78%
"j'sais
78%
l'image
78%
Mario
78%
m'avouer
78%
m'bipe
78%
même
78%
m'quitte,
78%
nuages
78%
osé
78%
pareil
78%
plaqué
78%
points
78%
prototype,
78%
questions
78%
raison,
78%
réponse
78%
seule
78%
t'façon
78%
triste
78%
une
78%
Une
78%
vérités
78%
version
78%
chez
72%
claquées
72%
soir
72%
elle
72%
fond
72%
gloire,
72%
Incapable
72%
jeudi
72%
J'fais
72%
j'fais
72%
j'la
72%
jouer ?
72%
j'serais
72%
mettre
72%
n'est
72%
nuits
72%
on
72%
passées,
72%
portes
72%
Pourquoi
72%
recherche
72%
sagement
72%
setlist
72%
tête
72%
après-demain,
67%
constat
67%
demain
67%
d'gâcher
67%
entrepris
67%
est-ce
67%
heures
67%
jobs
67%
j'passe
67%
lâchés,
67%
laissées
67%
mais
67%
m'attends
67%
quitte
67%
rejoindre
67%
réponses,
67%
sauf
67%
sens
67%
tiraillée ?
67%
tombeaux
67%
Adolescent
61%
air
61%
choses,
61%
d'abandon
61%
d'échec
61%
diff'
61%
études
61%
fâchée
61%
inachevés,
61%
inachevés
61%
Inachevés
61%
j'avale
61%
j'laisserai
61%
J'trouve
61%
jusqu'à
61%
lâchement
61%
l'évite
61%
maintenant
61%
m'est
61%
Mode
61%
nul,
61%
peut
61%
pilule
61%
playlist
61%
p't-être
61%
qu'on
61%
Qu'on
61%
sont
61%
tristement
61%
verra
61%
vite
61%
y
61%
améliorée,
56%
branlette
56%
croire
56%
discute
56%
discute ?
56%
inachevées
56%
j'me
56%
monde
56%
Ouais
56%
tous
56%
voir
56%
Faudrait
50%
lui
50%
névroses
50%
persuadé
50%
plus
50%
refuges
50%
relations
50%
sauver
50%
temps
50%
Admettre
44%
changer
44%
complots
44%
dire
44%
essayé
44%
J'compte
44%
j'fixe
44%
j'm'écoute
44%
j'refuse,
44%
j'ressens
44%
j'simule,
44%
Longtemps
44%
m'attendre
44%
monte
44%
raconter
44%
roses
44%
s'pose
44%
vide
44%
Complètement
39%
détaché,
39%
histoires Le
17%
Aucun quiz correspondant
Distribution des résultats
% des personnes avec chaque résultat
Percentile par nombre de réponses
Votre historique - résultats
Vous n’avez pas pris ce quiz